Manuál copywritingu jak se přes víkend naučit psát pro reklamu a marketing a vítězit v každodenních bitvách o pozornost a peněženky

Bibliographic Details
Main Author: Untermüller, Vojtěch, 1978- (Author)
Format: Book
Language:Czech
PhysicalDescription:116 strán 21 cm
Published: Praha Grada 2019
ISBN:9788027125852
Edition:První vydání
Subjects:

MARC

LEADER 00000nam a2200000 4500
001 vtls011880246
003 SK-MaSNL
005 20260302022610.0
008 190805s2019 xr g 000 0 cze
020 |a 9788027125852  |q (brožované) 
040 |a SNK  |b slo  |e rda  |c SNK 
041 0 |a cze 
044 |a xr  |c CZ 
072 7 |a 659  |x Reklama. Public relations. Médiá  |2 konspekt 
080 |a 659.131.2  |2 2011 
080 |a 658.8:316.77  |2 2011 
080 |a 658.8:005.32  |2 2011 
080 |a 81`42  |2 2011 
080 |a (035)  |2 2011 
100 1 |a Untermüller, Vojtěch,  |d 1978-  |4 aut  |9 668291 
245 1 0 |a Manuál copywritingu  |b jak se přes víkend naučit psát pro reklamu a marketing a vítězit v každodenních bitvách o pozornost a peněženky  |c Vojtěch Untermüller 
250 |a První vydání 
264 1 |a Praha  |b Grada  |c 2019 
300 |a 116 strán  |c 21 cm 
336 |a text  |b txt  |2 rdacontent 
337 |a bez média  |b n  |2 rdamedia 
338 |a zväzok  |b nc  |2 rdacarrier 
504 |a Obsahuje bibliografické odkazy 
650 0 7 |a reklamné texty  |2 SNKPH  |9 75027 
650 0 7 |a marketingová komunikácia  |2 SNKPH  |9 2300 
650 0 7 |a psychológia predaja  |2 SNKPH  |9 14374 
650 0 7 |a písomný prejav  |2 SNKPH  |9 71539 
650 0 7 |a Advertising copy  |2 SNKPHeng  |9 338654 
650 0 7 |a Communication in marketing  |2 SNKPHeng  |9 265704 
650 0 7 |a Psychology of sellin  |2 SNKPHeng  |9 668292 
650 0 7 |a Written languag  |2 SNKPHeng  |9 668293 
655 7 |a príručky  |2 SNKPH  |9 74364 
655 7 |a Handbooks, manuals, etc.  |2 SNKPHeng  |9 90964 
919 |a 978-80-271-2585-2 
999 |c 1033412  |d 1035342 
952 |t snkUNT 659  |a SNKUST  |b SNKUST  |y PREZ  |7 0  |p 17A1429211  |o snkIC 145395  |i snk2020/16544  |8 4  |g 8.28  |0 0  |1 0  |4 0  |d 2019-12-12  |l 0  |r 2025-03-20 00:00:00  |w 2026-02-24